000
00337nam a22001457a 4500
008
211012b ||||| |||| 00| 0 eng d
020
_a
9781572243101
041
_a
eng
080
_a
610
082
_a
610
100
_a
4
101
_a
SHM
245
_a
Helping Your Child Overcome an Eating Disorder
_c
Teachman,B.A
942
_2
udc
_c
BK
999
_c
58170
_d
58170